| 000 | 00591nam a2200205 a 4500 | ||
|---|---|---|---|
| 001 | 1955 | ||
| 003 | CDMR | ||
| 005 | 20151030104202.0 | ||
| 008 | 130130s1975||||||||||||||||||||||||||||d | ||
| 040 |
_aCDMR _bcat _cCDMR |
||
| 100 | 1 |
_91458 _aAranguren, José Luis L. |
|
| 245 | 1 | 3 |
_aLa comunicación humana _cJosé Luís L. Aranguren |
| 250 | _a2a ed. | ||
| 260 |
_aMadrid _c1975 _bGuadarrama |
||
| 300 |
_a250 p ; _c19 cm _bil. b/n |
||
| 490 | 0 |
_aBiblioteca para el hombre actual _v19 |
|
| 650 | 0 | 4 |
_aMitjans de comunicació de massa _9405 |
| 650 | 0 | 4 |
_9388 _aComunicació humana |
| 942 |
_cMON _2udc |
||
| 999 |
_c1955 _d1955 |
||